000 00415nam a2200181Ia 4500
001 19680
005 20260306172710.0
008 260306t2011||||xx |||||||||||||| ||spa||
041 _aESP
082 _a341
_bC285
100 _aCulleton, Alfredo
_eAUT
245 0 _aOckham e a lei natural
260 _c2011
300 _a183 páginas :
_c21cm.
650 _aGEN
654 _aCDE
942 _cLIB
_dJUS
_fJUS
_2ddc
_n
999 _c19680
_d19680